00559nam a22001577a 4500008004100000040001800041041000800059100003700067245006000104260005800164300001800222500008300240650002600323650002800349650002400377130821s ck gr spa  aCo-BoUCMbspa00aspa aBuitrago, Rafael Mauriciod1913-00aPasajero del mundobpoesíascRafael Mauricio Buitrago aBarranquilla (Colombia)bMejorasc[fecha desconocida] a108 páginas aIncluye índice. -- Este libro se encuentra en el depósito de la biblioteca04aLiteratura colombiana04aMuerte en la literatura04aPoesía colombiana